000 00907cab a2200301 4500
001 ABS47366
008 090401t1992 xxu||||| |||| 00| 0 eng d
035 _a(Sirsi) u61753
041 _aeng
100 _aMacnair, H.S.A.
245 _aVacancy - for tax relief!
260 _c1992
350 _a0
490 _aTaxation
_v130(3374) 8 October 1992, 30-33(4)
520 _aExamines the tax relief available for those letting furnished accommodation in their only or main residence under Finance (No 2) Act 1992 Sch 10.
650 _aCAPITAL ALLOWANCES ACT 1990
650 _aCAPITAL ALLOWANCES
650 _aFINANCE (NO 2) ACT 1992 SCH 10
650 _aFURNISHED ACCOMMODATION
650 _aINCOME TAX
650 _aMAIN RESIDENCE
650 _aMULTIPLE OCCUPIERS
650 _aRENT A ROOM RELIEF
650 _aTAX RELIEF
690 _aTAXATION
942 _n0
948 _c04/03/1997
999 _c38299
_d38299